000
00309nam a22001217a 4500
999
_c
6055
_d
6055
245
_a
Companies Act, 2016 (Act 920): amendment
_c
by Republic of Ghana
246
_a
Act 920
260
_a
Accra
_b
Assembly Press
300
_a
9p.
440
_a
Acts of Parliament
650
_a
Companies amendment Act
942
_c
REF